[Event "4NCL Division 3 South"]
[Site "Maidenhead, ENG"]
[Date "2022.02.12"]
[Round "3.132"]
[White "Vachtfeidl, Petr"]
[Black "Robinson, Adam"]
[Result "1-0"]
[WhiteElo "1856"]
[BlackElo "1993"]
[PlyCount "100"]
[EventDate "2022.02.12"]
[WhiteTeam "CSC 2"]
[BlackTeam "Hackney Returns"]

1. d4 Nf6 2. c4 c5 3. d5 b5 4. cxb5 a6 5. bxa6 Bxa6 6. g3 d6 7. Bg2 g6 8. Nc3
Bg7 9. Nf3 O-O 10. O-O Nbd7 11. Rb1 Ng4 12. Qc2 Nge5 13. Nxe5 Nxe5 14. b3 Qc7
15. Re1 Rfb8 16. f4 Nd7 17. Kh1 Nf6 18. h3 Qc8 19. e4 c4 20. b4 h5 21. Be3 Bb7
22. a4 e6 23. Nb5 Qd7 24. dxe6 fxe6 25. Red1 d5 26. e5 Ne8 27. Qxg6 Rxa4 28.
Nd4 Bc8 29. b5 c3 30. Qc2 Ra3 31. Rb3 Rba8 32. Qxc3 Ra2 33. Rb2 R8a3 34. Rb3
Ra4 35. Rc1 Bb7 36. Bf1 Qf7 37. Rc2 Ra1 38. Rc1 R1a2 39. Rc2 Ra1 40. Kg2 Rd1
41. Rc1 Rxc1 42. Qxc1 Bf8 43. Rb1 Ra2+ 44. Kg1 Qg6 45. Bf2 Bc5 46. Qxc5 Qxb1
47. Nxe6 Ra1 48. Qf8+ Kh7 49. Ng5+ Kg6 50. Qxe8+ Kh6 1-0

[Event "4NCL Division 3 South"]
[Site "Maidenhead, ENG"]
[Date "2022.02.12"]
[Round "3.133"]
[White "Conway, Paul Bernard"]
[Black "Wenninger, Maxim"]
[Result "1/2-1/2"]
[WhiteElo "1846"]
[BlackElo "1825"]
[PlyCount "83"]
[EventDate "2022.02.12"]
[WhiteTeam "Hackney Returns"]
[BlackTeam "CSC 2"]

1. e4 c6 2. d4 d5 3. exd5 cxd5 4. Bd3 Nc6 5. c3 Nf6 6. h3 Qc7 7. Ne2 e6 8. Bf4
Bd6 9. Bxd6 Qxd6 10. Nd2 a6 11. O-O O-O 12. Re1 b5 13. a3 Rb8 14. Ng3 g6 15.
Qe2 Na5 16. Nf3 Nc4 17. Ne5 Bd7 18. h4 a5 19. h5 Kg7 20. Qf3 Ng8 21. Re2 Nh6
22. Rae1 Rfc8 23. Qf4 Qc7 24. hxg6 hxg6 25. Nh5+ gxh5 26. Qg5+ Kf8 27. Qxh6+
Ke7 28. Qxh5 Rf8 29. Qh4+ Kd6 30. Qf4 Nxe5 31. Rxe5 Kc6 32. Qf6 Kb7 33. R1e3 b4
34. axb4 axb4 35. Qe7 bxc3 36. Qb4+ Qb6 37. Qxb6+ Kxb6 38. bxc3 Rbc8 39. Be2
Rc7 40. Rf3 Bb5 41. Bd1 Rfc8 42. Ree3 1/2-1/2

[Event "4NCL Division 3 South"]
[Site "Maidenhead, ENG"]
[Date "2022.02.12"]
[Round "3.134"]
[White "Grey, Nicholas D"]
[Black "Robinson, Joe"]
[Result "1-0"]
[WhiteElo "1724"]
[BlackElo "1488"]
[PlyCount "73"]
[EventDate "2022.02.12"]
[WhiteTeam "CSC 2"]
[BlackTeam "Hackney Returns"]

1. e4 c5 2. c3 Nc6 3. d4 cxd4 4. cxd4 e6 5. Nc3 Bb4 6. Nf3 a6 7. Bd3 d5 8. O-O
Nge7 9. a3 Ba5 10. Re1 O-O 11. b4 Bb6 12. e5 Nxd4 13. Nxd4 Bxd4 14. Bxh7+ Kxh7
15. Qxd4 Ng6 16. Re3 Kg8 17. Rh3 Bd7 18. Qg4 Be8 19. Bg5 Nxe5 20. Rh8+ Kxh8 21.
Qh4+ Kg8 22. Bxd8 Ng6 23. Qd4 Rxd8 24. f4 f6 25. Rc1 e5 26. fxe5 fxe5 27. Qb6
Bc6 28. b5 axb5 29. Nxb5 Rf6 30. Qxd8+ Kh7 31. a4 d4 32. Re1 Nh4 33. Rf1 Rxf1+
34. Kxf1 Bxg2+ 35. Kf2 Nf5 36. Kxg2 Ne3+ 37. Kf3 1-0

[Event "4NCL Division 3 South"]
[Site "Maidenhead, ENG"]
[Date "2022.02.12"]
[Round "3.135"]
[White "Bar-Tal, Shir"]
[Black "Eckert, Jonathan"]
[Result "0-1"]
[WhiteElo "1333"]
[BlackElo "1736"]
[PlyCount "61"]
[EventDate "2022.02.12"]
[WhiteTeam "Hackney Returns"]
[BlackTeam "CSC 2"]

1. c4 f5 2. g3 Nf6 3. Bg2 e6 4. e3 Be7 5. Nc3 O-O 6. Nge2 Nc6 7. d4 d6 8. O-O
a5 9. f4 Kh8 10. d5 Nb4 11. a3 Na6 12. dxe6 Bxe6 13. Bxb7 Ra7 14. Bd5 Nxd5 15.
Nxd5 Nc5 16. Nd4 Bd7 17. Rb1 c6 18. Nxe7 Qxe7 19. Nf3 a4 20. Re1 Rb7 21. Nd2
Rfb8 22. Qe2 d5 23. cxd5 cxd5 24. Nf3 Bb5 25. Qd1 Qe4 26. Nd2 Qd3 27. Qf3 Ne4
28. Qd1 Bc4 29. b3 Nc3 30. Qf3 Nxb1 31. bxc4 0-1

[Event "4NCL Division 3 South"]
[Site "Maidenhead, ENG"]
[Date "2022.02.12"]
[Round "3.141"]
[White "Vig, Sanjay"]
[Black "Sturt, Charles A"]
[Result "1/2-1/2"]
[WhiteElo "1562"]
[BlackElo "1674"]
[PlyCount "119"]
[EventDate "2022.02.12"]
[WhiteTeam "Watford B"]
[BlackTeam "Celtic Tigers 3"]

1. e4 e5 2. f4 f5 3. Nf3 fxe4 4. Nxe5 Nf6 5. c3 d6 6. Nc4 Bg4 7. Be2 Qd7 8. Ne3
Bxe2 9. Qxe2 Nc6 10. a4 d5 11. b4 Bd6 12. O-O h5 13. b5 Ne7 14. Ba3 Nf5 15.
Bxd6 Nxe3 16. dxe3 Qxd6 17. Nd2 Qc5 18. Rfd1 Ng4 19. Nf1 O-O 20. h3 Nf6 21. Rd4
Qe7 22. c4 dxc4 23. Qxc4+ Kh8 24. Rc1 Rac8 25. Ng3 Rfe8 26. Qc5 g6 27. Qc3 Kh7
28. Rcd1 Rcd8 29. Qd2 Rxd4 30. Qxd4 Rc8 31. a5 b6 32. a6 c5 33. Qc4 Rc7 34. Kf2
h4 35. Nf1 Rd7 36. Rd2 Rxd2+ 37. Nxd2 Qd7 38. Ke2 Qe7 39. Nb1 Qe8 40. Nc3 Kh6
41. Nd5 Nxd5 42. Qxd5 Qxb5+ 43. Kf2 Qb2+ 44. Kg1 Qa1+ 45. Kh2 Qxa6 46. Qg5+ Kg7
47. Qe7+ Kh6 48. Qxh4+ Kg7 49. Qe7+ Kh6 50. f5 gxf5 51. Qf6+ Kh7 52. Qxf5+ Kg8
53. Qd5+ Kf8 54. Qf5+ Kg8 55. h4 Qb7 56. h5 Qf7 57. Qg5+ Qg7 58. Qd5+ Qf7 59.
Qg5+ Qg7 60. Qd5+ 1/2-1/2

[Event "4NCL Division 3 South"]
[Site "Maidenhead, ENG"]
[Date "2022.02.12"]
[Round "3.142"]
[White "Cranston, Richard"]
[Black "Hylands, Keith"]
[Result "1-0"]
[WhiteElo "1510"]
[BlackElo "1374"]
[PlyCount "61"]
[EventDate "2022.02.12"]
[WhiteTeam "Celtic Tigers 3"]
[BlackTeam "Watford B"]

1. e4 c5 2. Nf3 Nc6 3. d4 cxd4 4. Nxd4 Nf6 5. Nc3 e5 6. Nb3 a6 7. Bd3 Bb4 8.
Bd2 Bxc3 9. Bxc3 O-O 10. O-O d6 11. h3 Be6 12. Re1 Qc7 13. f4 Qb6+ 14. Kh2 Rad8
15. Qf3 Rfe8 16. Rad1 Re7 17. Qg3 Nh5 18. Qg5 Nxf4 19. Ba5 f6 20. Bxb6 fxg5 21.
Bxd8 Nxd8 22. Be2 Nxe2 23. Rxe2 Nf7 24. a3 h5 25. Nd2 h4 26. Ree1 g4 27. Re3
gxh3 28. gxh3 g5 29. Rg1 Nh6 30. Rxg5+ Kh7 31. Nf3 1-0

[Event "4NCL Division 3 South"]
[Site "Maidenhead, ENG"]
[Date "2022.02.12"]
[Round "3.143"]
[White "George, Seb"]
[Black "Perchard, Matthew"]
[Result "0-1"]
[WhiteElo "1298"]
[BlackElo "1500"]
[PlyCount "76"]
[EventDate "2022.02.12"]
[WhiteTeam "Watford B"]
[BlackTeam "Celtic Tigers 3"]

1. e4 e6 2. b3 d5 3. Bb2 Nf6 4. e5 Nfd7 5. d4 c5 6. c3 Nc6 7. f4 Qa5 8. dxc5
Qc7 9. b4 b6 10. b5 Na5 11. c6 Nc5 12. Nd2 Be7 13. Nb3 Na4 14. Nxa5 Nxb2 15.
Qb3 bxa5 16. Qxb2 Bc5 17. Nf3 O-O 18. Bd3 f6 19. c4 dxc4 20. Bxc4 a6 21. a4
Bb4+ 22. Ke2 axb5 23. axb5 fxe5 24. Qxe5 Bd6 25. Qe3 Bxf4 26. Qb3 Kh8 27. Rad1
e5 28. b6 Qxc6 29. Bd5 Ba6+ 30. Ke1 Qg6 31. Bxa8 Qxg2 32. Nd4 Qxa8 33. Nf3 Qe4+
34. Kf2 Qe2+ 35. Kg1 Be3+ 36. Qxe3 Qxe3+ 37. Kg2 Qxf3+ 38. Kg1 Qf2# 0-1

[Event "4NCL Division 3 South"]
[Site "Maidenhead, ENG"]
[Date "2022.02.12"]
[Round "3.144"]
[White "Rigby, Charles"]
[Black "Keerthi Kumar, Advait"]
[Result "1/2-1/2"]
[WhiteElo "1520"]
[BlackElo "1070"]
[PlyCount "88"]
[EventDate "2022.02.12"]
[WhiteTeam "Celtic Tigers 3"]
[BlackTeam "Watford B"]

1. d4 d5 2. Nf3 c6 3. Bf4 Bf5 4. e3 Nf6 5. Nbd2 e6 6. Be2 Bd6 7. c3 Bxf4 8.
exf4 Nbd7 9. O-O O-O 10. Ne5 Ne4 11. Ndf3 Nef6 12. Re1 Nxe5 13. fxe5 Nd7 14.
Bd3 Bxd3 15. Qxd3 h6 16. h3 Qc7 17. Nh2 Rae8 18. Ng4 Nb6 19. f4 c5 20. Rac1 Nc8
21. Rc2 Ne7 22. Ne3 Qb6 23. Kh2 Rc8 24. Rd1 cxd4 25. Qxd4 Qxd4 26. Rxd4 Nc6 27.
Rd3 Rcd8 28. Rcd2 Rc8 29. a3 Na5 30. Rf2 Nc4 31. Nxc4 Rxc4 32. Kg3 g6 33. Re2
Rfc8 34. Kf3 Kf8 35. Rc2 d4 36. b3 Rxc3 37. Rdxc3 Rxc3+ 38. Rxc3 dxc3 39. Ke3
Ke7 40. Kd3 Kd7 41. Kxc3 h5 42. h4 b6 43. a4 Kc7 44. b4 a6 1/2-1/2

[Event "4NCL Division 3 South"]
[Site "Maidenhead, ENG"]
[Date "2022.02.12"]
[Round "3.145"]
[White "Patel, Aashna"]
[Black "Turner, Jeremy"]
[Result "0-1"]
[WhiteElo "982"]
[BlackElo "1370"]
[PlyCount "98"]
[EventDate "2022.02.12"]
[WhiteTeam "Watford B"]
[BlackTeam "Celtic Tigers 3"]

1. e4 c5 2. a3 Nc6 3. b4 cxb4 4. axb4 Nxb4 5. c3 Nc6 6. d4 e6 7. Bd3 Nf6 8. Bg5
Be7 9. Nf3 d6 10. c4 Qb6 11. Be3 Ng4 12. h3 Nxe3 13. fxe3 O-O 14. O-O e5 15.
Nc3 Bd7 16. Nd5 Qd8 17. Qe1 exd4 18. exd4 Re8 19. Qg3 Bf6 20. h4 Nxd4 21. Nxd4
Bxd4+ 22. Ne3 Bxa1 23. Rxa1 Be6 24. h5 Qf6 25. Re1 Qd4 26. h6 g6 27. Rd1 Qe5
28. Qf3 a5 29. Rf1 a4 30. Ng4 Bxg4 31. Qxf7+ Kh8 32. Qxb7 Qe7 33. Qb2+ Kg8 34.
c5 Qe5 35. Bc4+ Be6 36. Bxe6+ Rxe6 37. Qf2 Qxc5 38. Qxc5 dxc5 39. Rc1 Rxe4 40.
Rxc5 Re7 41. Rc2 a3 42. Ra2 Rb7 43. Ra1 a2 44. Rd1 Rb1 45. Rxb1 axb1=Q+ 46. Kh2
Qe1 47. Kh3 Ra4 48. Kh2 Qh4+ 49. Kg1 Ra1# 0-1

[Event "4NCL Division 3 South"]
[Site "Maidenhead, ENG"]
[Date "2022.02.12"]
[Round "3.146"]
[White "Osseiran, Nadim"]
[Black "Patel, Ananya"]
[Result "0-1"]
[WhiteElo "1169"]
[BlackElo "1060"]
[PlyCount "114"]
[EventDate "2022.02.12"]
[WhiteTeam "Celtic Tigers 3"]
[BlackTeam "Watford B"]

1. e4 c6 2. d4 d5 3. exd5 cxd5 4. Bd3 Nc6 5. c3 Nf6 6. h3 e6 7. Bf4 Bd6 8. Bxd6
Qxd6 9. Nf3 O-O 10. O-O Re8 11. Re1 h6 12. Ne5 Nd7 13. Qe2 Ncxe5 14. dxe5 Qb6
15. Na3 Nc5 16. Bc2 Bd7 17. Red1 Rac8 18. Rab1 a6 19. b4 Na4 20. Bxa4 Bxa4 21.
Rd3 Bb5 22. Nxb5 Qxb5 23. Qd2 Rc4 24. Rd4 Rec8 25. Rc1 Rxd4 26. Qxd4 Rc4 27.
Qd2 Re4 28. f4 Qc4 29. Kf2 Rxf4+ 30. Kg1 Rf5 31. Qd4 Qxa2 32. Qc5 Rxe5 33. Rf1
Rg5 34. Qc8+ Kh7 35. Rxf7 Qb1+ 36. Rf1 Qe4 37. Rf2 Rf5 38. Rxf5 Qxf5 39. Qxb7
Qd3 40. b5 axb5 41. Kh2 Qxc3 42. Qxb5 Qe5+ 43. Kg1 Qf6 44. g4 Qc3 45. Kf1 Qxh3+
46. Ke1 Qxg4 47. Qb1+ Qe4+ 48. Qxe4+ dxe4 49. Kf2 g5 50. Ke3 e5 51. Kf2 Kg6 52.
Kg3 e3 53. Kg4 h5+ 54. Kf3 h4 55. Kg4 e2 56. Kh3 e1=Q 57. Kg4 Qg3# 0-1

[Event "4NCL Division 3 South"]
[Site "Maidenhead, ENG"]
[Date "2022.02.12"]
[Round "3.151"]
[White "Tutty, Wayne"]
[Black "Ivan, Austin"]
[Result "1/2-1/2"]
[WhiteElo "1683"]
[BlackElo "1789"]
[PlyCount "85"]
[EventDate "2022.02.12"]
[WhiteTeam "War and Piece B"]
[BlackTeam "Cambridge University Y"]

1. d4 f5 2. Nf3 Nf6 3. g3 g6 4. Bg2 Bg7 5. O-O O-O 6. c3 d6 7. Nbd2 Qe8 8. a4
e5 9. dxe5 dxe5 10. Nc4 e4 11. Nd4 Qe7 12. Bg5 c5 13. Nb5 Be6 14. Qd6 Qxd6 15.
Ncxd6 Na6 16. Nxb7 Rab8 17. Na5 Bd7 18. Rfd1 Bxb5 19. axb5 Rxb5 20. Nc4 Nc7 21.
Bxf6 Bxf6 22. Rxa7 Ne6 23. Rd6 Ng7 24. e3 Rbb8 25. Rc6 Rbc8 26. Rxc8 Rxc8 27.
Bf1 h5 28. Be2 g5 29. Nb6 Rd8 30. Ra8 Rxa8 31. Nxa8 Bd8 32. b4 cxb4 33. cxb4
Ne8 34. b5 Nf6 35. b6 Nd7 36. Bxh5 Kg7 37. b7 Nb8 38. Kf1 Kf6 39. Ke2 Ke5 40.
Kd2 f4 41. exf4+ gxf4 42. g4 f3 43. h3 1/2-1/2

[Event "4NCL Division 3 South"]
[Site "Maidenhead, ENG"]
[Date "2022.02.12"]
[Round "3.152"]
[White "Balasundaram, Sivasatyan"]
[Black "Mubiru, Richard"]
[Result "1-0"]
[WhiteElo "1762"]
[BlackElo "1640"]
[PlyCount "103"]
[EventDate "2022.02.12"]
[WhiteTeam "Cambridge University Y"]
[BlackTeam "War and Piece B"]

1. c4 e5 2. Nc3 c5 3. d3 Nc6 4. g3 Nf6 5. Bg2 h6 6. Nf3 Bd6 7. a3 a6 8. Rb1 Rb8
9. Nd2 b6 10. Nde4 Nxe4 11. Nxe4 Qe7 12. Bd2 Bb7 13. Bc3 Bc7 14. e3 Nd8 15. O-O
d6 16. f4 O-O 17. f5 f6 18. Re1 Qd7 19. g4 d5 20. cxd5 Bxd5 21. b4 Bxe4 22.
Bxe4 cxb4 23. Bxb4 Bd6 24. Qb3+ Kh8 25. Rec1 Bxb4 26. Qxb4 Nf7 27. Rc6 Ng5 28.
Rd6 Qa7 29. Rxb6 Rbd8 30. Qc4 Rf7 31. Qxa6 Nxe4 32. dxe4 Qd7 33. Rb8 Qd2 34.
Rxd8+ Qxd8 35. Rc1 Kh7 36. Qc4 Rd7 37. Qa4 Rd3 38. Kf2 Rd2+ 39. Kf3 Rxh2 40.
Rd1 Qc8 41. Kg3 Re2 42. Kf3 Rh2 43. Qb3 Rc2 44. Qf7 Qb8 45. Rd7 Qg8 46. Qxg8+
Kxg8 47. a4 Ra2 48. Ra7 Kf8 49. a5 Rb2 50. a6 Rb8 51. Rb7 Ra8 52. a7 1-0

[Event "4NCL Division 3 South"]
[Site "Maidenhead, ENG"]
[Date "2022.02.12"]
[Round "3.153"]
[White "Charles, Steven R"]
[Black "Evans, Daniel"]
[Result "1/2-1/2"]
[WhiteElo "1600"]
[BlackElo "1554"]
[PlyCount "53"]
[EventDate "2022.02.12"]
[WhiteTeam "War and Piece B"]
[BlackTeam "Cambridge University Y"]

1. Nf3 e6 2. g3 d5 3. Bg2 c5 4. O-O Nc6 5. d3 Bd6 6. Nbd2 Nge7 7. e4 d4 8. a4
Ng6 9. Nc4 h5 10. h4 Nce5 11. Nfxe5 Bxe5 12. f4 Bf6 13. e5 Bxh4 14. Nd6+ Kf8
15. gxh4 Nxh4 16. Nxb7 Qc7 17. Nd6 Nxg2 18. Kxg2 Bd7 19. Qf3 Bc6 20. Ne4 f5 21.
exf6 gxf6 22. f5 Rg8+ 23. Kh1 Rg3 24. Bh6+ Ke7 25. Bf4 Rxf3 26. Bxc7 Rxf5 27.
Kh2 1/2-1/2

[Event "4NCL Division 3 South"]
[Site "Maidenhead, ENG"]
[Date "2022.02.12"]
[Round "3.154"]
[White "Parikh, Naavya"]
[Black "Duesbury, Brad"]
[Result "1-0"]
[WhiteElo "1432"]
[BlackElo "1650"]
[PlyCount "61"]
[EventDate "2022.02.12"]
[WhiteTeam "Cambridge University Y"]
[BlackTeam "War and Piece B"]

1. e4 d5 2. exd5 Qxd5 3. Nc3 Qa5 4. d4 Nf6 5. Nge2 c6 6. Bd2 Bg4 7. f3 Bh5 8.
Nf4 Bg6 9. Nxg6 hxg6 10. Ne4 Qb6 11. Bc3 Nxe4 12. fxe4 Qc7 13. g3 Nd7 14. Qf3
e5 15. Bc4 f6 16. Qg4 g5 17. Qe6+ Kd8 18. dxe5 Nxe5 19. Rd1+ Nd7 20. Qf7 Bd6
21. Kf2 Ne5 22. Bxe5 fxe5 23. Qe6 Rf8+ 24. Kg2 Rf6 25. Qxe5 Qe7 26. Qxe7+ Kxe7
27. e5 Bxe5 28. Rhe1 Rf5 29. g4 Rf4 30. Rxe5+ Kf6 31. Re6+ 1-0

[Event "4NCL Division 3 South"]
[Site "Maidenhead, ENG"]
[Date "2022.02.12"]
[Round "3.155"]
[White "Thomas, Jacob"]
[Black "Sivanandan, Bodhana"]
[Result "1-0"]
[WhiteElo "1526"]
[BlackElo "1289"]
[PlyCount "107"]
[EventDate "2022.02.12"]
[WhiteTeam "War and Piece B"]
[BlackTeam "Cambridge University Y"]

1. e4 e5 2. Nf3 Nc6 3. Bb5 a6 4. Bxc6 dxc6 5. O-O Bg4 6. h3 h5 7. d3 Qf6 8.
Nbd2 g5 9. b3 Bd6 10. Bb2 Ne7 11. Re1 Bxf3 12. Qxf3 Qxf3 13. Nxf3 f6 14. d4 Ng6
15. dxe5 Nxe5 16. Nxe5 Bxe5 17. Bxe5 fxe5 18. Rad1 Ke7 19. Rd3 Rad8 20. Red1
Rxd3 21. Rxd3 Rd8 22. Rxd8 Kxd8 23. f3 h4 24. Kf2 Ke7 25. g3 Kf6 26. gxh4 gxh4
27. Ke3 Kg5 28. c4 c5 29. a4 a5 30. f4+ Kf6 31. f5 c6 32. Kf3 b5 33. Kg4 bxc4
34. bxc4 Kf7 35. Kxh4 Kf6 36. Kh5 Kf7 37. Kg5 Kg7 38. f6+ Kf7 39. Kf5 Kf8 40.
Kxe5 Kf7 41. Kf5 Kf8 42. e5 Kf7 43. e6+ Kf8 44. Kg6 Ke8 45. Kg7 Kd8 46. h4 Ke8
47. h5 Kd8 48. h6 Kc7 49. f7 Kd6 50. Kf6 Kc7 51. f8=Q Kb6 52. e7 Kc7 53. e8=Q
Kb7 54. Qc8+ 1-0

[Event "4NCL Division 3 South"]
[Site "Maidenhead, ENG"]
[Date "2022.02.12"]
[Round "3.156"]
[White "Jayakumar, Bharath"]
[Black "Blair, Jimmy"]
[Result "1-0"]
[WhiteElo "1335"]
[BlackElo "1442"]
[PlyCount "83"]
[EventDate "2022.02.12"]
[WhiteTeam "Cambridge University Y"]
[BlackTeam "War and Piece B"]

1. d4 d5 2. c4 dxc4 3. e3 Nf6 4. Bxc4 e6 5. Nc3 c6 6. Nf3 Bb4 7. O-O O-O 8. Qc2
b5 9. Bd3 g6 10. e4 Be7 11. Bh6 Re8 12. Rad1 Nbd7 13. d5 cxd5 14. exd5 e5 15.
Bxb5 Bd6 16. Bc6 Rb8 17. Nb5 Rxb5 18. Bxb5 e4 19. Nd4 Bxh2+ 20. Kh1 Ng4 21. Qc3
Qh4 22. Nf5 Be5+ 23. Nxh4 Bxc3 24. bxc3 Nxh6 25. Rde1 f5 26. Nf3 Rd8 27. Nd4
Nf6 28. Nc6 Rd7 29. d6 Kg7 30. Ne7 Rd8 31. Nxc8 Rxc8 32. d7 Rd8 33. Rd1 Nf7 34.
c4 Ne5 35. c5 Nd3 36. c6 Nd5 37. Bxd3 exd3 38. Rxd3 Nc7 39. Re1 Kf7 40. Rde3 h5
41. Re7+ Kf6 42. Re8 1-0

[Event "4NCL Division 3 South"]
[Site "Maidenhead, ENG"]
[Date "2022.02.12"]
[Round "3.161"]
[White "Foster, Brian E"]
[Black "Smith, Mike B"]
[Result "1-0"]
[WhiteElo "1766"]
[BlackElo "1461"]
[PlyCount "125"]
[EventDate "2022.02.12"]
[WhiteTeam "Uxbridge"]
[BlackTeam "Barnet Knights D"]

1. d4 d5 2. Nf3 Bf5 3. Bg5 Nc6 4. c3 Qd7 5. Nbd2 h6 6. Bf4 Nf6 7. Ne5 Nxe5 8.
Bxe5 O-O-O 9. e3 Ne8 10. a4 f6 11. Bg3 Nd6 12. b4 Ne4 13. Nxe4 Bxe4 14. f3 Bh7
15. b5 e6 16. a5 Bd6 17. b6 a6 18. bxc7 Bxg3+ 19. hxg3 Qxc7 20. Qb3 Qxg3+ 21.
Ke2 Qc7 22. Kd2 Rd6 23. Be2 Rc6 24. Rhc1 Kd7 25. c4 Rd8 26. Ra4 b5 27. axb6
Rxb6 28. Qc3 Rdb8 29. cxd5 Qxc3+ 30. Rxc3 Rb2+ 31. Ke1 exd5 32. Rxa6 Kd8 33.
Rd6+ Ke8 34. Rxd5 R2b3 35. Rdc5 Rxc3 36. Rxc3 Kd7 37. Bd3 Bg8 38. Kf2 Kd6 39.
g4 Be6 40. Kg3 g5 41. e4 Rb3 42. Rxb3 Bxb3 43. Kf2 Bf7 44. Ke3 Bb3 45. Be2 Bf7
46. f4 Bb3 47. Bf3 Bc4 48. Be2 gxf4+ 49. Kf3 Be6 50. Kxf4 Bd7 51. Bc4 Ke7 52.
Bg8 Bc8 53. Bh7 Bd7 54. Bf5 Bc6 55. d5 Bb7 56. Be6 Ba6 57. Kf5 Bd3 58. Kf4 Bc2
59. Bf5 Bb3 60. Kg3 Ba4 61. Bg6 Kd6 62. Kh4 Bd7 63. Bf5 1-0

[Event "4NCL Division 3 South"]
[Site "Maidenhead, ENG"]
[Date "2022.02.12"]
[Round "3.162"]
[White "Pang, Ethan"]
[Black "Tarigopula, Pawan Kumar"]
[Result "1/2-1/2"]
[WhiteElo "1272"]
[BlackElo "1533"]
[PlyCount "38"]
[EventDate "2022.02.12"]
[WhiteTeam "Barnet Knights D"]
[BlackTeam "Uxbridge"]

1. e4 e5 2. Nf3 Nc6 3. d4 exd4 4. Nxd4 Bc5 5. Be3 Qf6 6. c3 Nge7 7. g3 O-O 8.
Bg2 d6 9. O-O a6 10. Re1 Ne5 11. h3 Nc4 12. b4 Nxe3 13. fxe3 Ba7 14. Kh2 Qe5
15. Nd2 Be6 16. N2f3 Qxe4 17. Ng5 Qxe3 18. Qh5 h6 19. Ndxe6 fxe6 1/2-1/2

[Event "4NCL Division 3 South"]
[Site "Maidenhead, ENG"]
[Date "2022.02.12"]
[Round "3.163"]
[White "Gauri, Dhairye"]
[Black "Page, Thomas"]
[Result "0-1"]
[WhiteElo "1485"]
[BlackElo "1317"]
[PlyCount "158"]
[EventDate "2022.02.12"]
[WhiteTeam "Uxbridge"]
[BlackTeam "Barnet Knights D"]

1. e4 e6 2. d4 d5 3. exd5 exd5 4. Nc3 Nf6 5. Bg5 Be7 6. h3 O-O 7. Nf3 Re8 8.
Be2 Bf5 9. O-O c6 10. Ne5 Nbd7 11. f4 Ne4 12. Nxe4 Bxe4 13. Qd2 Bxg5 14. Nxf7
Kxf7 15. Bh5+ g6 16. fxg5+ Kg8 17. Bg4 Nb6 18. Qf4 Qe7 19. Rae1 Nc4 20. b3 Rf8
21. Qc1 Nd6 22. c4 Qg7 23. Qc3 Bf5 24. Bf3 Ne4 25. Qe3 Rae8 26. cxd5 Ng3 27.
Qxe8 Rxe8 28. Rxe8+ Kf7 29. Rfe1 Qxd4+ 30. Kh2 Nf1+ 31. Kh1 Qc5 32. R8e5 Qd6
33. dxc6 bxc6 34. Be2 Ng3+ 35. Kg1 Nxe2+ 36. R5xe2 Bd3 37. Rd2 Qb4 38. Red1 Bf5
39. g4 Qc5+ 40. Rf2 Kg7 41. gxf5 gxf5 42. Kg2 Kg6 43. h4 Kh5 44. Rdf1 Kxh4 45.
Rxf5 Qc2+ 46. R1f2 Qe4+ 47. Kh2 Qe3 48. R5f3 Qe5+ 49. Kh1 Kxg5 50. Rg2+ Kh4 51.
Rf1 h5 52. Rc1 Qd5 53. Rc3 Qe5 54. Rc1 Kh3 55. Rgc2 Qe4+ 56. Kg1 Qg4+ 57. Kf1
Qf3+ 58. Ke1 Qe3+ 59. Kd1 Qd4+ 60. Rd2 Qg4+ 61. Kc2 Kh4 62. Kb2 Kg5 63. Rxc6
Qe4 64. Rc5+ Kg6 65. Rd6+ Kf7 66. Rc7+ Ke8 67. Rdd7 Qe2+ 68. Ka3 Qa6+ 69. Kb4
Qb6+ 70. Kc4 Qe6+ 71. Rd5 Qe2+ 72. Kc5 Qc2+ 73. Kd6 Qg6+ 74. Kc5 Qb6+ 75. Kc4
Qxc7+ 76. Rc5 Qxc5+ 77. Kxc5 h4 78. Kd4 h3 79. Ke3 h2 0-1

[Event "4NCL Division 3 South"]
[Site "Maidenhead, ENG"]
[Date "2022.02.12"]
[Round "3.164"]
[White "Rowland, Benjamin"]
[Black "Knight, Samuel"]
[Result "1-0"]
[WhiteElo "1265"]
[BlackElo "1392"]
[PlyCount "105"]
[EventDate "2022.02.12"]
[WhiteTeam "Barnet Knights D"]
[BlackTeam "Uxbridge"]

1. e4 c6 2. d4 d5 3. Nc3 dxe4 4. Nxe4 Bf5 5. Ng3 Bg6 6. Nf3 Nd7 7. h4 h6 8. Bd3
Bxd3 9. Qxd3 Ngf6 10. Bf4 e6 11. c4 Bb4+ 12. Nd2 c5 13. d5 exd5 14. cxd5 Qe7+
15. Ne2 Bxd2+ 16. Qxd2 O-O 17. O-O Rad8 18. d6 Qe6 19. Nc3 Ne4 20. Nxe4 Qxe4
21. Rfe1 Qc4 22. b3 Qb5 23. Re3 Nf6 24. Rd1 Rd7 25. Qb2 Nh5 26. Bh2 Qc6 27. Qe5
g6 28. g4 Ng7 29. Qf6 Ne8 30. Qe5 Ng7 31. Bf4 Re8 32. Qf6 g5 33. Be5 Rxe5 34.
Rxe5 Ne6 35. Rf5 Nf4 36. Rxf4 gxf4 37. Qxf4 f6 38. Qxf6 Rf7 39. Qc3 Qd7 40. Qc4
b6 41. f3 Kf8 42. Kg2 Qd8 43. Qe6 Kg7 44. d7 Re7 45. Qxe7+ Qxe7 46. d8=Q Qe2+
47. Kg3 Qe5+ 48. Kf2 Qh2+ 49. Ke3 Qe5+ 50. Kd3 Qg3 51. Kc2 Qxf3 52. Qd7+ Kg6
53. Rd6+ 1-0

[Event "4NCL Division 3 South"]
[Site "Maidenhead, ENG"]
[Date "2022.02.12"]
[Round "3.165"]
[White "Parola, Pavan"]
[Black "Sanfey, Peter"]
[Result "1/2-1/2"]
[WhiteElo "1246"]
[BlackElo "1265"]
[PlyCount "68"]
[EventDate "2022.02.12"]
[WhiteTeam "Uxbridge"]
[BlackTeam "Barnet Knights D"]

1. e4 e6 2. Nf3 d5 3. exd5 exd5 4. Nc3 Nf6 5. d4 Bb4 6. Bd2 O-O 7. Bd3 Re8+ 8.
Ne2 c5 9. c3 c4 10. Bc2 Bd6 11. Bg5 Nc6 12. O-O Bg4 13. Ng3 h6 14. h3 hxg5 15.
hxg4 Nxg4 16. Nf5 g6 17. Nxd6 Qxd6 18. g3 Qf6 19. Kg2 Re3 20. Nh2 Nxh2 21. fxe3
Nxf1 22. Qxf1 Qe6 23. Re1 b5 24. e4 Re8 25. exd5 Qxd5+ 26. Kh2 Rxe1 27. Qxe1
Kg7 28. b3 b4 29. bxc4 Qxc4 30. Bb3 Qa6 31. cxb4 f6 32. d5 Ne5 33. Kh3 g4+ 34.
Kg2 Qb7 1/2-1/2

[Event "4NCL Division 3 South"]
[Site "Maidenhead, ENG"]
[Date "2022.02.12"]
[Round "3.166"]
[White "Pradhan, Ayan"]
[Black "Boby, Shawn"]
[Result "0-1"]
[WhiteElo "1021"]
[BlackElo "1098"]
[PlyCount "36"]
[EventDate "2022.02.12"]
[WhiteTeam "Barnet Knights D"]
[BlackTeam "Uxbridge"]

1. e4 e5 2. Nf3 d6 3. c3 f5 4. exf5 Bxf5 5. d4 Nd7 6. Bc4 Ngf6 7. O-O d5 8. Bb3
e4 9. Ne5 Bd6 10. Nxd7 Qxd7 11. Bg5 c6 12. Re1 O-O 13. h3 Bxh3 14. gxh3 Qxh3
15. Be3 Bh2+ 16. Kh1 Ng4 17. Qe2 Bg3+ 18. Kg1 Qh2+ 0-1

[Event "4NCL Division 3 South"]
[Site "Maidenhead, ENG"]
[Date "2022.02.13"]
[Round "4.11"]
[White "Chan, Kim Yew"]
[Black "Hughes, Roy"]
[Result "1-0"]
[WhiteElo "2306"]
[BlackElo "2090"]
[PlyCount "79"]
[EventDate "2022.02.13"]
[WhiteTeam "SchachAttack"]
[BlackTeam "Iceni 1"]

1. d4 d5 2. c4 c6 3. cxd5 cxd5 4. Nc3 Nf6 5. Nf3 Nc6 6. Bf4 Qb6 7. e3 a6 8. a3
Bf5 9. b4 e6 10. Na4 Qa7 11. Bd3 Bxd3 12. Qxd3 Be7 13. O-O O-O 14. h3 b6 15.
Rfc1 Rac8 16. b5 Na5 17. Ne5 Rxc1+ 18. Rxc1 axb5 19. Qxb5 Ne4 20. Nd7 Nc4 21.
Nxf8 Bxf8 22. f3 Ned6 23. Qb3 b5 24. Nc5 h6 25. Ra1 g5 26. Bxd6 Bxd6 27. a4
Bxc5 28. dxc5 bxa4 29. c6 Qc5 30. Qb8+ Kg7 31. c7 Nd6 32. Kh1 a3 33. Qd8 Qc3
34. Rg1 a2 35. Qxd6 a1=Q 36. Rxa1 Qxa1+ 37. Kh2 Qc3 38. f4 gxf4 39. exf4 f6 40.
Qd7+ 1-0

[Event "4NCL Division 3 South"]
[Site "Maidenhead, ENG"]
[Date "2022.02.13"]
[Round "4.12"]
[White "Sagues, Vincent"]
[Black "Alizada, Eldar"]
[Result "1/2-1/2"]
[WhiteElo "2054"]
[BlackElo "2056"]
[PlyCount "79"]
[EventDate "2022.02.13"]
[WhiteTeam "Iceni 1"]
[BlackTeam "SchachAttack"]

1. e4 e6 2. d4 d5 3. Nd2 dxe4 4. Nxe4 Nd7 5. Nf3 Ngf6 6. Nxf6+ Nxf6 7. Bd3 Be7
8. Qe2 O-O 9. Bg5 c5 10. dxc5 Qa5+ 11. c3 Qxc5 12. O-O h6 13. Be3 Qh5 14. Bd4
Rd8 15. Ne5 Qxe2 16. Bxe2 Nd7 17. Rad1 Nxe5 18. Bxe5 f6 19. Rxd8+ Bxd8 20. Rd1
Be7 21. Bc7 e5 22. Bf3 a6 23. a4 Kf8 24. a5 Bf5 25. Bb6 e4 26. Be2 Rc8 27. g4
Be6 28. Rd4 f5 29. gxf5 Bxf5 30. Rd5 g6 31. f3 Kf7 32. Rd4 exf3 33. Bxf3 Bc5
34. Bxc5 Rxc5 35. Rb4 Rxa5 36. Rxb7+ Kf6 37. Rb6+ Ke5 38. Be2 Ra1+ 39. Kf2 a5
40. Ke3 1/2-1/2